Statistics for Russian-Speaking Countries Quiz

Click here to take the quiz!

General Stats

  • This quiz has been taken 109 times
  • The average score is 13 of 14

Answer Stats

Percentage SpokenAnswer% Correct
99.4%Russia
100%
77%Belarus
99%
65%Ukraine
99%
29.6%Estonia
96%
55%Latvia
96%
5%Lithuania
94%
28%Tajikistan
94%
30%Armenia
93%
84.8%Kazakhstan
93%
50%Moldova
93%
14.2%Uzbekistan
91%
12%Turkmenistan
90%
26%Azerbaijan
88%
49.6%Kyrgyzstan
81%

Score Distribution

Percentile by Number Answered

Percent of People with Each Score

Your Score History

You have not taken this quiz